| 000 | 00464cam a2200169 4500 | ||
|---|---|---|---|
| 001 | D7628 | ||
| 008 | 090401t1977 xxu||||| |||| 00| 0 eng d | ||
| 035 | _a(Sirsi) u8567 | ||
| 041 | _aeng | ||
| 050 | _a016.526909 | ||
| 245 | _aWilliam Roy 1726-1790: pioneer of the Ordnance Survey. Catalogue of an exhibition | ||
| 260 |
_aLondon _bBritish Museum for the British Library _c1977 |
||
| 300 | _a56p. ill. 25cm | ||
| 350 | _a0 | ||
| 942 | _n0 | ||
| 948 | _c04/03/1997 | ||
| 999 |
_c86530 _d86530 |
||